Smysl pro řád : studie o psychologii dekorativního umění /

Hlavní autor: Gombrich, E. H. 1909-2001
Další autoři: Vichnar, David, 1983-
Jazyk: Čeština
Vydáno: Praha : Argo, 2021
Vydání: První vydání
Témata:
Fyzický popis: viii, 478 stran : ilustrace (některé barevné), portréty, faksimile ; 24 cm
Knihy
Uloženo v:
LEADER 01992nam a2200529 i 4500
001 nkc20223397880
003 CZ PrNK
005 20220422100926.0
007 ta
008 220223s2021 xr ach f 001 0 cze
015 |a cnb003397880 
020 |a 978-80-257-3695-1  |q (vázáno) 
035 |a (OCoLC)1310112333 
040 |a OLA001  |b cze  |d ABA001  |e rda 
041 1 |a cze  |h eng 
072 7 |a 7.01/.09  |x Umění  |2 Konspekt  |9 21 
080 |a 73/76.058  |2 MRF 
080 |a 159.98:7.01  |2 MRF 
080 |a (048.8)  |2 MRF 
080 |a (084.11)  |2 MRF 
100 1 |a Gombrich, E. H.  |q (Ernst Hans),  |d 1909-2001  |7 jn19990002770  |4 aut 
240 1 0 |a Sense of order.  |l Česky  |7 aun20221145246 
245 1 0 |a Smysl pro řád :  |b studie o psychologii dekorativního umění /  |c Ernst Hans Gombrich ; přeložil David Vichnar 
246 3 0 |a Studie o psychologii dekorativního umění 
250 |a První vydání 
264 1 |a Praha :  |b Argo,  |c 2021 
300 |a viii, 478 stran :  |b ilustrace (některé barevné), portréty, faksimile ;  |c 24 cm 
336 |a text  |b txt  |2 rdacontent 
337 |a bez média  |b n  |2 rdamedia 
338 |a svazek  |b nc  |2 rdacarrier 
500 |a Přeloženo z angličtiny 
504 |a Obsahuje bibliografii, bibliografické odkazy a rejstřík 
650 0 7 |a dekorativní umění  |7 ph114299  |2 czenas 
650 0 7 |a psychologie umění  |7 ph124814  |2 czenas 
650 0 9 |a decorative arts  |2 eczenas 
650 0 9 |a art psychology  |2 eczenas 
655 7 |a monografie  |7 fd132842  |2 czenas 
655 7 |a obrazové publikace  |7 fd132947  |2 czenas 
655 9 |a monographs  |2 eczenas 
655 9 |a pictorial works  |2 eczenas 
700 1 |a Vichnar, David,  |d 1983-  |7 pag2010583435  |4 trl 
910 2 |a BOA001  |b 2-1483.206 
990 |a BK 
995 |a 01 
991 |b 202204  |c NOV 
996 6 |b 2610896911  |c 2-1483.206  |l MZK  |r Sklad / do 1 hodiny  |n 0  |p p.v.  |w 001880423  |u 000010  |a 1  |e BOA001  |j MZK50  |s P 
996 7 |b 2610898343  |c 2-1483.206  |l MZK  |r Sklad / do 1 hodiny  |n 7  |p kup  |w 001880423  |u 000020  |a 1  |e BOA001  |j MZK50  |s A